| 000 | 00660nam a2200229 a 4500 | ||
|---|---|---|---|
| 001 | BRL_563 | ||
| 005 | 20190320210812.0 | ||
| 008 | 030913s1983----mx-a######---#000-0#spa-# | ||
| 041 | _aspa | ||
| 044 | _amx | ||
| 050 | 4 |
_aF1219.1.C75 _b.A54 1983 |
|
| 100 | 1 |
_aAnguiano Tafolla, Gregorio _924299 |
|
| 245 | 1 | 0 |
_aColima Precolombino _cGregorio Anguiano Tafolla. |
| 260 |
_aMéxico _bJorge Porrua _c1983 |
||
| 300 |
_a110 p. _bil. _c22 cm. |
||
| 500 | _aAu602 | ||
| 650 | 1 | 4 |
_aIndígenas de México _xAnitgüedades _zColima _924300 |
| 651 | 4 |
_aColima (México) _xAntigüedades _924301 |
|
| 651 | 4 |
_aMéxico _xAntigüedades _92765 |
|
| 902 | _aGRL | ||
| 942 |
_2lcc _cB |
||
| 999 |
_c9375 _d9375 |
||